[Event "ODJM C 2024"]
[Site "Willingen GER"]
[Date "2024.05.19"]
[Round "2"]
[White "Kanno, Gabriel"]
[Black "Trunz, Daniel"]
[Result "0-1"]
[Termination "normal"]
[Board "35"]
[WhiteElo "884"]
[BlackElo "1458"]
[WhiteClock "01:36:19"]
[BlackClock "01:16:56"]
[PlyCount "62"]
[WhiteFideId "34623973"]
[BlackFideId "34640797"]
[EventCountry "GER"]
[EventRounds "9"]
[EventType "swiss"]
[EventDate "2024.05.18"]

1. e4 {[%clk 01:30:59]} e5 {[%clk 01:30:53]} {[%emt 00:00:08]} 2. Nf3 {[%clk
01:31:23]} {[%emt 00:00:05]} Nc6 {[%clk 01:31:11]} {[%emt 00:00:13]} 3. Bc4
{[%clk 01:31:46]} {[%emt 00:00:06]} Bc5 {[%clk 01:31:34]} {[%emt 00:00:08]} 4.
d3 {[%clk 01:32:11]} {[%emt 00:00:05]} Nf6 {[%clk 01:31:46]} {[%emt 00:00:18]}
5. Nc3 {[%clk 01:32:33]} {[%emt 00:00:07]} h6 {[%clk 01:31:34]} {[%emt
00:00:42]} 6. O-O {[%clk 01:32:51]} {[%emt 00:00:12]} d6 {[%clk 01:31:36]}
{[%emt 00:00:29]} 7. h3 {[%clk 01:33:15]} {[%emt 00:00:05]} O-O {[%clk
01:31:18]} {[%emt 00:00:48]} 8. Be3 {[%clk 01:33:17]} {[%emt 00:00:28]} Be6
{[%clk 01:30:53]} {[%emt 00:00:56]} 9. Bb3 {[%clk 01:33:30]} {[%emt 00:00:16]}
Bxe3 {[%clk 01:30:24]} {[%emt 00:01:00]} 10. fxe3 {[%clk 01:33:52]} {[%emt
00:00:07]} d5 {[%clk 01:30:37]} {[%emt 00:00:17]} 11. exd5 {[%clk 01:34:02]}
{[%emt 00:00:20]} Nxd5 {[%clk 01:29:38]} {[%emt 00:01:29]} 12. e4 {[%clk
01:34:13]} {[%emt 00:00:20]} Ne3 {[%clk 01:29:39]} {[%emt 00:00:28]} 13. Qe2
{[%clk 01:34:22]} {[%emt 00:00:22]} Nxf1 {[%clk 01:29:18]} {[%emt 00:00:50]}
14. Rxf1 {[%clk 01:34:47]} {[%emt 00:00:05]} Nd4 {[%clk 01:27:23]} {[%emt
00:02:26]} 15. Nxd4 {[%clk 01:35:01]} {[%emt 00:00:15]} Qxd4+ {[%clk 01:26:16]}
{[%emt 00:01:37]} 16. Kh2 {[%clk 01:34:38]} {[%emt 00:00:52]} Bxb3 {[%clk
01:25:41]} {[%emt 00:01:06]} 17. axb3 {[%clk 01:35:01]} {[%emt 00:00:07]} Rae8
{[%clk 01:24:45]} {[%emt 00:01:27]} 18. Qg4 {[%clk 01:35:18]} {[%emt 00:00:12]}
Re6 {[%clk 01:23:46]} {[%emt 00:01:28]} 19. Ra1 {[%clk 01:35:28]} {[%emt
00:00:21]} Rg6 {[%clk 01:23:21]} {[%emt 00:00:55]} 20. Qf5 {[%clk 01:35:17]}
{[%emt 00:00:41]} Rf6 {[%clk 01:22:48]} {[%emt 00:01:03]} 21. Qg4 {[%clk
01:35:30]} {[%emt 00:00:17]} Re8 {[%clk 01:21:09]} {[%emt 00:02:09]} 22. Ra5
{[%clk 01:35:12]} {[%emt 00:00:48]} Ree6 {[%clk 01:20:32]} {[%emt 00:01:08]}
23. Qg3 {[%clk 01:34:54]} {[%emt 00:00:47]} Rg6 {[%clk 01:20:18]} {[%emt
00:00:45]} 24. Qf3 {[%clk 01:34:56]} {[%emt 00:00:27]} Ref6 {[%clk 01:20:29]}
{[%emt 00:00:20]} 25. Qh5 {[%clk 01:35:14]} {[%emt 00:00:12]} Qf2 {[%clk
01:19:29]} {[%emt 00:01:30]} 26. Qg4 {[%clk 01:35:19]} {[%emt 00:00:24]} Rxg4
{[%clk 01:19:22]} {[%emt 00:00:37]} 27. hxg4 {[%clk 01:35:35]} {[%emt
00:00:14]} Rf3 {[%clk 01:18:30]} {[%emt 00:01:22]} 28. Ra1 {[%clk 01:35:37]}
{[%emt 00:00:28]} Qg3+ {[%clk 01:17:25]} {[%emt 00:01:35]} 29. Kg1 {[%clk
01:36:00]} {[%emt 00:00:07]} Rf2 {[%clk 01:17:18]} {[%emt 00:00:38]} 30. Rf1
{[%clk 01:36:11]} {[%emt 00:00:19]} Rxg2+ {[%emt 00:01:02]} 31. Kh1 {[%clk
01:36:19]} {[%emt 00:00:07]} Qh3# {[%clk 01:16:56]} {[%emt 00:00:33]} 0-1

[Event "ODJM C 2024"]
[Site "Willingen GER"]
[Date "2024.05.19"]
[Round "2"]
[White "Ly, Lina"]
[Black "Steinkamp, Matthis"]
[Result "0-1"]
[Termination "normal"]
[Board "36"]
[WhiteElo "863"]
[BlackElo "1489"]
[WhiteClock "01:15:06"]
[BlackClock "01:22:38"]
[PlyCount "50"]
[WhiteFideId "34625070"]
[BlackFideId "16287622"]
[EventCountry "GER"]
[EventRounds "9"]
[EventType "swiss"]
[EventDate "2024.05.18"]

1. e4 {[%clk 01:30:59]} c5 {[%clk 01:30:52]} {[%emt 00:00:09]} 2. Nc3 {[%clk
01:31:03]} {[%emt 00:00:26]} e6 {[%clk 01:31:08]} {[%emt 00:00:12]} 3. Bc4
{[%clk 01:31:05]} {[%emt 00:00:29]} Nc6 {[%clk 01:31:14]} {[%emt 00:00:24]} 4.
d3 {[%clk 01:30:41]} {[%emt 00:00:55]} a6 {[%clk 01:30:47]} {[%emt 00:00:56]}
5. a3 {[%clk 01:30:53]} {[%emt 00:00:18]} b5 {[%clk 01:31:11]} {[%emt
00:00:07]} 6. Ba2 {[%clk 01:31:03]} {[%emt 00:00:20]} Bb7 {[%clk 01:31:34]}
{[%emt 00:00:07]} 7. Be3 {[%clk 01:30:06]} {[%emt 00:01:26]} Nf6 {[%clk
01:31:03]} {[%emt 00:01:00]} 8. Nf3 {[%clk 01:30:04]} {[%emt 00:00:33]} Be7
{[%clk 01:30:28]} {[%emt 00:01:05]} 9. e5 {[%clk 01:29:50]} {[%emt 00:00:45]}
Ng4 {[%clk 01:30:50]} {[%emt 00:00:08]} 10. Bf4 {[%clk 01:29:03]} {[%emt
00:01:17]} d5 {[%clk 01:29:55]} {[%emt 00:01:24]} 11. Qd2 {[%clk 01:27:43]}
{[%emt 00:01:50]} d4 {[%clk 01:29:48]} {[%emt 00:00:37]} 12. Ne2 {[%clk
01:27:26]} {[%emt 00:00:47]} Qc7 {[%clk 01:29:05]} {[%emt 00:01:13]} 13. h3
{[%clk 01:27:28]} {[%emt 00:00:29]} Ngxe5 {[%clk 01:29:24]} {[%emt 00:00:11]}
14. O-O {[%clk 01:25:59]} {[%emt 00:01:58]} Bd6 {[%clk 01:29:22]} {[%emt
00:00:32]} 15. c3 {[%clk 01:25:29]} {[%emt 00:01:01]} Nxf3+ {[%clk 01:27:41]}
{[%emt 00:02:10]} 16. gxf3 {[%clk 01:25:21]} {[%emt 00:00:39]} e5 {[%clk
01:27:47]} {[%emt 00:00:25]} 17. Bg3 {[%clk 01:24:16]} {[%emt 00:01:35]} f6
{[%clk 01:28:01]} {[%emt 00:00:16]} 18. f4 {[%clk 01:23:27]} {[%emt 00:01:18]}
Ne7 {[%clk 01:27:43]} {[%emt 00:00:48]} 19. f3 {[%clk 01:23:26]} {[%emt
00:00:32]} Nf5 {[%clk 01:27:44]} {[%emt 00:00:29]} 20. Bf2 {[%clk 01:23:01]}
{[%emt 00:00:55]} Bxf3 {[%clk 01:27:46]} {[%emt 00:00:27]} 21. Nc1 {[%clk
01:21:45]} {[%emt 00:01:46]} h6 {[%clk 01:26:50]} {[%emt 00:01:25]} 22. Re1
{[%clk 01:21:47]} {[%emt 00:00:29]} g5 {[%clk 01:26:35]} {[%emt 00:00:45]} 23.
b4 {[%clk 01:15:27]} {[%emt 00:06:50]} gxf4 {[%clk 01:23:58]} {[%emt 00:03:07]}
24. Qxf4 {[%clk 01:15:41]} {[%emt 00:00:17]} Qg7+ {[%clk 01:22:23]} {[%emt
00:02:05]} 25. Kf1 {[%clk 01:15:06]} {[%emt 00:01:05]} Qg2# {[%clk 01:22:38]}
{[%emt 00:00:13]} 0-1

[Event "ODJM C 2024"]
[Site "Willingen GER"]
[Date "2024.05.19"]
[Round "2"]
[White "Bharathula, Agasthya"]
[Black "Wagner, Valentin Thien-Phu"]
[Result "1-0"]
[Termination "normal"]
[Board "37"]
[WhiteElo "1142"]
[BlackElo "863"]
[WhiteClock "01:28:38"]
[BlackClock "00:39:28"]
[PlyCount "83"]
[WhiteFideId "34641785"]
[BlackFideId "34603492"]
[EventCountry "GER"]
[EventRounds "9"]
[EventType "swiss"]
[EventDate "2024.05.18"]

1. e4 {[%clk 01:30:57]} {[%emt 00:00:02]} e5 {[%clk 01:30:54]} {[%emt
00:00:07]} 2. Nc3 {[%clk 01:31:24]} {[%emt 00:00:03]} Nf6 {[%clk 01:31:14]}
{[%emt 00:00:10]} 3. Bc4 {[%clk 01:31:50]} {[%emt 00:00:04]} Bc5 {[%clk
01:31:27]} {[%emt 00:00:17]} 4. d3 {[%clk 01:32:14]} {[%emt 00:00:06]} d6
{[%clk 01:31:39]} {[%emt 00:00:18]} 5. Bg5 {[%clk 01:32:40]} {[%emt 00:00:05]}
Nc6 {[%clk 01:30:49]} {[%emt 00:01:20]} 6. Nd5 {[%clk 01:32:59]} {[%emt
00:00:10]} h6 {[%clk 01:26:48]} {[%emt 00:04:31]} 7. Bh4 {[%clk 01:33:22]}
{[%emt 00:00:07]} g5 {[%clk 01:26:56]} {[%emt 00:00:21]} 8. Bg3 {[%clk
01:33:45]} {[%emt 00:00:08]} Ng4 {[%clk 01:25:36]} {[%emt 00:01:50]} 9. Qf3
{[%clk 01:33:25]} {[%emt 00:00:50]} Nd4 {[%clk 01:22:30]} {[%emt 00:03:35]} 10.
Qd1 {[%clk 01:32:48]} {[%emt 00:01:07]} c6 {[%clk 01:21:26]} {[%emt 00:01:35]}
11. Ne3 {[%clk 01:32:39]} {[%emt 00:00:39]} b5 {[%clk 01:17:51]} {[%emt
00:04:05]} 12. Bb3 {[%clk 01:32:18]} {[%emt 00:00:52]} h5 {[%clk 01:11:44]}
{[%emt 00:06:36]} 13. h4 {[%clk 01:32:15]} {[%emt 00:00:33]} Qf6 {[%clk
01:07:15]} {[%emt 00:04:59]} 14. c3 {[%clk 01:31:01]} {[%emt 00:01:45]} Nxb3
{[%clk 01:06:13]} {[%emt 00:01:31]} 15. axb3 {[%clk 01:30:53]} {[%emt
00:00:38]} Bxe3 {[%clk 01:05:59]} {[%emt 00:00:39]} 16. fxe3 {[%clk 01:30:47]}
{[%emt 00:00:41]} Nxe3 {[%clk 01:04:30]} {[%emt 00:01:56]} 17. Qe2 {[%clk
01:30:26]} {[%emt 00:00:53]} Ng4 {[%clk 01:02:39]} {[%emt 00:02:21]} 18. hxg5
{[%clk 01:29:33]} {[%emt 00:01:23]} Qxg5 {[%clk 01:02:55]} {[%emt 00:00:13]}
19. Bh4 {[%clk 01:29:14]} {[%emt 00:00:48]} Qh6 {[%clk 01:01:56]} {[%emt
00:01:31]} 20. Nf3 {[%clk 01:28:30]} {[%emt 00:01:14]} Rg8 {[%clk 01:01:34]}
{[%emt 00:00:51]} 21. Qd2 {[%clk 01:27:02]} {[%emt 00:01:59]} Qxd2+ {[%clk
00:59:51]} {[%emt 00:02:12]} 22. Kxd2 {[%emt 00:00:32]} Be6 {[%clk 00:50:37]}
{[%emt 00:09:31]} 23. b4 {[%clk 01:26:17]} {[%emt 00:01:27]} Kd7 {[%clk
00:46:50]} {[%emt 00:04:18]} 24. Ke2 {[%clk 01:25:14]} {[%emt 00:01:32]} Rg6
{[%clk 00:43:52]} {[%emt 00:03:27]} 25. Bf2 {[%clk 01:24:42]} {[%emt 00:01:03]}
Nxf2 {[%emt 00:05:16]} 26. Kxf2 {[%clk 01:25:06]} Rag8 {[%clk 00:39:29]} {[%emt
00:00:12]} 27. Rxa7+ {[%clk 01:25:26]} {[%emt 00:00:11]} Kd8 {[%clk 00:39:44]}
{[%emt 00:00:15]} 28. Ra8+ {[%clk 01:25:47]} {[%emt 00:00:10]} Kd7 {[%clk
00:40:02]} {[%emt 00:00:12]} 29. Rxg8 {[%clk 01:26:11]} {[%emt 00:00:05]} Rxg8
{[%clk 00:40:26]} {[%emt 00:00:06]} 30. Rxh5 {[%clk 01:26:33]} {[%emt
00:00:08]} Bg4 {[%clk 00:40:34]} {[%emt 00:00:22]} 31. Rh7 {[%clk 01:26:48]}
{[%emt 00:00:14]} Ke7 {[%clk 00:40:46]} {[%emt 00:00:18]} 32. b3 {[%clk
01:26:22]} {[%emt 00:00:57]} Bxf3 {[%clk 00:39:19]} {[%emt 00:01:56]} 33. gxf3
{[%clk 01:26:46]} {[%emt 00:00:06]} Ra8 {[%clk 00:38:23]} {[%emt 00:01:28]} 34.
Rh1 {[%clk 01:26:14]} {[%emt 00:01:00]} Ra3 {[%clk 00:38:31]} {[%emt 00:00:22]}
35. Rb1 {[%clk 01:26:32]} {[%emt 00:00:13]} Ra2+ {[%clk 00:38:52]} {[%emt
00:00:09]} 36. Ke3 {[%clk 01:26:54]} {[%emt 00:00:07]} Rc2 {[%clk 00:39:04]}
{[%emt 00:00:19]} 37. c4 {[%clk 01:27:15]} {[%emt 00:00:09]} bxc4 {[%clk
00:39:15]} {[%emt 00:00:18]} 38. bxc4 {[%clk 01:27:38]} {[%emt 00:00:08]} c5
{[%clk 00:39:02]} {[%emt 00:00:43]} 39. b5 {[%clk 01:27:57]} {[%emt 00:00:11]}
Kd7 {[%clk 00:39:02]} {[%emt 00:00:28]} 40. f4 {[%clk 01:27:51]} {[%emt
00:00:36]} exf4+ {[%clk 00:39:08]} {[%emt 00:00:23]} 41. Kxf4 {[%clk 01:28:14]}
{[%emt 00:00:09]} Rf2+ {[%clk 00:39:28]} {[%emt 00:00:10]} 42. Ke3 {[%clk
01:28:38]} {[%emt 00:00:06]} 1-0

[Event "ODJM C 2024"]
[Site "Willingen GER"]
[Date "2024.05.19"]
[Round "2"]
[White "Kraus, Joshua"]
[Black "Hirtzel, Amelie Meiyan"]
[Result "1-0"]
[Termination "normal"]
[Board "38"]
[WhiteElo "1111"]
[BlackElo "811"]
[WhiteClock "01:16:33"]
[BlackClock "01:22:15"]
[PlyCount "105"]
[WhiteFideId "34660500"]
[BlackFideId "533001898"]
[EventCountry "GER"]
[EventRounds "9"]
[EventType "swiss"]
[EventDate "2024.05.18"]

1. e4 {[%clk 01:30:56]} {[%emt 00:00:03]} d5 {[%clk 01:30:53]} {[%emt
00:00:09]} 2. exd5 {[%clk 01:31:14]} {[%emt 00:00:11]} Qxd5 {[%clk 01:31:16]}
{[%emt 00:00:07]} 3. Nc3 {[%clk 01:31:34]} {[%emt 00:00:10]} Qa5 {[%clk
01:31:40]} {[%emt 00:00:06]} 4. d4 {[%clk 01:31:48]} {[%emt 00:00:16]} c6
{[%clk 01:32:03]} {[%emt 00:00:08]} 5. Nf3 {[%clk 01:31:35]} {[%emt 00:00:42]}
Nf6 {[%clk 01:32:22]} {[%emt 00:00:11]} 6. Bd2 {[%clk 01:30:50]} {[%emt
00:01:15]} Qc7 {[%clk 01:32:06]} {[%emt 00:00:46]} 7. Bc4 {[%clk 01:30:16]}
{[%emt 00:01:04]} Bf5 {[%clk 01:32:26]} {[%emt 00:00:10]} 8. Bb3 {[%clk
01:22:36]} {[%emt 00:08:10]} e6 {[%clk 01:32:02]} {[%emt 00:00:54]} 9. Qe2
{[%clk 01:22:28]} {[%emt 00:00:38]} Bd6 {[%clk 01:31:50]} {[%emt 00:00:42]} 10.
d5 {[%clk 01:21:18]} {[%emt 00:01:41]} Be7 {[%clk 01:27:37]} {[%emt 00:04:42]}
11. dxe6 {[%clk 01:19:54]} {[%emt 00:01:53]} Bxe6 {[%clk 01:26:57]} {[%emt
00:01:10]} 12. Bxe6 {[%clk 01:20:01]} {[%emt 00:00:23]} Rf8 {[%clk 01:25:36]}
{[%emt 00:01:51]} 13. Bb3 {[%clk 01:20:07]} {[%emt 00:00:24]} Nbd7 {[%clk
01:25:48]} {[%emt 00:00:18]} 14. O-O {[%clk 01:20:22]} {[%emt 00:00:15]} O-O-O
{[%clk 01:25:59]} {[%emt 00:00:19]} 15. Qxe7 {[%clk 01:20:10]} {[%emt
00:00:43]} Rde8 {[%clk 01:25:45]} {[%emt 00:00:43]} 16. Qb4 {[%clk 01:19:03]}
{[%emt 00:01:37]} h6 {[%clk 01:25:03]} {[%emt 00:01:12]} 17. Qf4 {[%clk
01:18:27]} {[%emt 00:01:05]} Qb6 {[%clk 01:22:17]} {[%emt 00:03:17]} 18. Be3
{[%clk 01:17:50]} {[%emt 00:01:07]} Qa5 {[%clk 01:21:48]} {[%emt 00:01:00]} 19.
Qa4 {[%clk 01:13:33]} {[%emt 00:04:45]} Qc7 {[%clk 01:19:55]} {[%emt 00:02:24]}
20. Qxa7 {[%clk 01:13:35]} {[%emt 00:00:28]} Kd8 {[%clk 01:19:27]} {[%emt
00:00:59]} 21. Qa8+ {[%clk 01:12:36]} {[%emt 00:01:28]} Qc8 {[%clk 01:19:20]}
{[%emt 00:00:37]} 22. Qxc8+ {[%clk 01:12:55]} {[%emt 00:00:11]} Kxc8 {[%clk
01:19:42]} {[%emt 00:00:08]} 23. Rad1 {[%clk 01:12:52]} {[%emt 00:00:33]} Ne5
{[%clk 01:19:23]} {[%emt 00:00:50]} 24. Nxe5 {[%clk 01:12:47]} {[%emt
00:00:34]} Rxe5 {[%clk 01:19:40]} {[%emt 00:00:13]} 25. Bd4 {[%clk 01:12:38]}
{[%emt 00:00:39]} Ree8 {[%clk 01:18:51]} {[%emt 00:01:20]} 26. Bxf6 {[%clk
01:12:35]} {[%emt 00:00:32]} gxf6 {[%clk 01:19:09]} {[%emt 00:00:11]} 27. Rfe1
{[%clk 01:12:55]} {[%emt 00:00:12]} Rd8 28. Rxd8+ {[%clk 01:13:08]} Rxd8 {[%clk
01:19:04]} {[%emt 00:00:12]} 29. Bxf7 {[%clk 01:13:20]} {[%emt 00:00:18]} Rd2
{[%clk 01:19:03]} {[%emt 00:00:31]} 30. Bg6 {[%clk 01:13:04]} {[%emt 00:00:46]}
Kd7 {[%clk 01:19:12]} {[%emt 00:00:22]} 31. Bd3 {[%clk 01:13:17]} {[%emt
00:00:17]} b6 {[%clk 01:16:37]} {[%emt 00:03:05]} 32. Ne4 {[%clk 01:13:19]}
{[%emt 00:00:26]} Rxd3 {[%clk 01:16:24]} {[%emt 00:00:44]} 33. cxd3 {[%clk
01:13:42]} {[%emt 00:00:08]} c5 {[%clk 01:16:45]} {[%emt 00:00:08]} 34. Nxf6+
{[%clk 01:13:58]} {[%emt 00:00:15]} Kd6 {[%clk 01:17:06]} {[%emt 00:00:08]} 35.
f4 {[%clk 01:13:50]} {[%emt 00:00:38]} b5 {[%clk 01:17:12]} {[%emt 00:00:24]}
36. Ne4+ {[%clk 01:13:06]} {[%emt 00:01:13]} Kc6 {[%clk 01:17:23]} {[%emt
00:00:21]} 37. Rc1 {[%clk 01:12:48]} {[%emt 00:00:47]} c4 {[%clk 01:17:23]}
{[%emt 00:00:29]} 38. dxc4 {[%clk 01:13:11]} {[%emt 00:00:08]} bxc4 {[%clk
01:17:41]} {[%emt 00:00:13]} 39. Rxc4+ {[%clk 01:13:35]} {[%emt 00:00:06]} Kd5
{[%clk 01:17:58]} {[%emt 00:00:13]} 40. f5 {[%clk 01:12:57]} {[%emt 00:01:07]}
Kxc4 {[%clk 01:18:09]} {[%emt 00:00:19]} 41. f6 {[%clk 01:13:21]} {[%emt
00:00:07]} Kd5 {[%clk 01:18:30]} {[%emt 00:00:08]} 42. f7 {[%clk 01:13:42]}
{[%emt 00:00:09]} Kxe4 {[%clk 01:18:56]} {[%emt 00:00:04]} 43. f8=Q {[%clk
01:14:01]} {[%emt 00:00:10]} Kd3 {[%clk 01:19:19]} {[%emt 00:00:08]} 44. Qxh6
{[%clk 01:14:16]} {[%emt 00:00:14]} Kc2 {[%clk 01:19:39]} {[%emt 00:00:11]} 45.
Qe3 {[%clk 01:14:34]} {[%emt 00:00:12]} Kxb2 {[%clk 01:19:54]} {[%emt
00:00:15]} 46. Qd3 {[%clk 01:14:55]} {[%emt 00:00:09]} Kxa2 {[%clk 01:20:09]}
{[%emt 00:00:15]} 47. Qc3 {[%clk 01:14:51]} {[%emt 00:00:33]} Kb1 {[%clk
01:20:27]} {[%emt 00:00:13]} 48. Qd2 {[%clk 01:15:13]} {[%emt 00:00:06]} Ka1
{[%clk 01:20:48]} {[%emt 00:00:10]} 49. Kf2 {[%clk 01:15:37]} {[%emt 00:00:06]}
Kb1 {[%clk 01:21:10]} {[%emt 00:00:08]} 50. Ke3 {[%clk 01:16:00]} {[%emt
00:00:06]} Ka1 {[%clk 01:21:31]} {[%emt 00:00:10]} 51. Kd3 {[%clk 01:16:19]}
{[%emt 00:00:11]} Kb1 {[%clk 01:21:53]} {[%emt 00:00:07]} 52. Kc3 {[%clk
01:16:39]} {[%emt 00:00:10]} Ka1 {[%clk 01:22:15]} {[%emt 00:00:09]} 53. Qb2#
{[%clk 01:16:33]} {[%emt 00:00:05]} 1-0

[Event "ODJM C 2024"]
[Site "Willingen GER"]
[Date "2024.05.19"]
[Round "2"]
[White "Hempel, Christian"]
[Black "Lohrmann, Flavia"]
[Result "1/2-1/2"]
[Termination "normal"]
[Board "39"]
[WhiteElo "859"]
[BlackElo "1455"]
[WhiteClock "00:46:41"]
[BlackClock "00:48:53"]
[PlyCount "52"]
[WhiteFideId "34660470"]
[BlackFideId "12982865"]
[EventCountry "GER"]
[EventRounds "9"]
[EventType "swiss"]
[EventDate "2024.05.18"]

1. d4 {[%clk 01:30:55]} {[%emt 00:00:05]} d5 {[%clk 01:30:57]} {[%emt
00:00:04]} 2. c4 {[%clk 01:31:18]} {[%emt 00:00:07]} e6 {[%clk 01:31:21]}
{[%emt 00:00:06]} 3. Nc3 {[%clk 01:31:38]} {[%emt 00:00:10]} Nf6 {[%clk
01:31:21]} {[%emt 00:00:29]} 4. Bg5 {[%clk 01:31:31]} {[%emt 00:00:37]} Be7
{[%clk 01:31:43]} {[%emt 00:00:08]} 5. Nf3 {[%clk 01:31:08]} {[%emt 00:00:53]}
h6 {[%clk 01:30:55]} {[%emt 00:01:18]} 6. Bf4 {[%clk 01:31:23]} {[%emt
00:00:15]} O-O {[%clk 01:29:55]} {[%emt 00:01:30]} 7. e3 {[%clk 01:31:38]}
{[%emt 00:00:15]} Nc6 {[%clk 01:28:19]} {[%emt 00:02:06]} 8. Bd3 {[%clk
01:31:30]} {[%emt 00:00:37]} b6 {[%clk 01:26:03]} {[%emt 00:02:47]} 9. O-O
{[%clk 01:27:37]} {[%emt 00:04:23]} Na5 {[%clk 01:23:39]} {[%emt 00:02:54]} 10.
Qa4 {[%clk 01:25:48]} {[%emt 00:02:20]} Bd7 {[%clk 01:22:51]} {[%emt 00:01:18]}
11. Qc2 {[%clk 01:20:47]} {[%emt 00:05:30]} Re8 {[%clk 01:19:10]} {[%emt
00:04:12]} 12. b3 {[%clk 01:18:48]} {[%emt 00:02:29]} Bd6 {[%clk 01:17:52]}
{[%emt 00:01:48]} 13. Rfe1 {[%clk 01:13:17]} {[%emt 00:06:02]} Nc6 {[%clk
01:12:26]} {[%emt 00:05:54]} 14. Nb5 {[%clk 01:08:19]} {[%emt 00:05:28]} Bxf4
{[%clk 01:08:35]} {[%emt 00:04:21]} 15. exf4 {[%clk 01:08:03]} {[%emt
00:00:46]} a6 {[%clk 01:07:44]} {[%emt 00:01:22]} 16. Nc3 {[%clk 01:06:30]}
{[%emt 00:02:03]} Nh5 {[%clk 01:03:12]} {[%emt 00:05:01]} 17. f5 {[%clk
01:04:32]} {[%emt 00:02:28]} Qf6 {[%clk 01:01:04]} {[%emt 00:02:38]} 18. fxe6
{[%clk 01:02:09]} {[%emt 00:02:53]} Bxe6 {[%clk 00:59:30]} {[%emt 00:02:04]}
19. cxd5 {[%clk 01:01:12]} {[%emt 00:01:27]} Nb4 {[%clk 00:58:42]} {[%emt
00:01:19]} 20. Qd2 {[%clk 00:58:26]} {[%emt 00:03:15]} Bxd5 {[%clk 00:56:47]}
{[%emt 00:02:25]} 21. Nxd5 {[%clk 00:55:37]} {[%emt 00:03:19]} Nxd5 {[%clk
00:56:50]} {[%emt 00:00:27]} 22. Rxe8+ {[%clk 00:54:17]} {[%emt 00:01:51]} Rxe8
{[%clk 00:57:16]} {[%emt 00:00:03]} 23. Re1 {[%clk 00:54:20]} {[%emt 00:00:26]}
Rd8 {[%clk 00:56:50]} {[%emt 00:00:57]} 24. Qe2 {[%clk 00:52:20]} {[%emt
00:02:31]} Kf8 {[%clk 00:56:20]} {[%emt 00:01:00]} 25. Bxa6 {[%clk 00:51:08]}
{[%emt 00:01:41]} Nhf4 {[%clk 00:54:03]} {[%emt 00:02:47]} 26. Qe4 {[%clk
00:46:41]} {[%emt 00:04:57]} Ne6 {[%clk 00:48:53]} {[%emt 00:05:40]} 1/2-1/2

[Event "ODJM C 2024"]
[Site "Willingen GER"]
[Date "2024.05.19"]
[Round "2"]
[White "Buntin, Amelia Bernadette"]
[Black "Martens, Nele"]
[Result "0-1"]
[Termination "normal"]
[Board "40"]
[WhiteElo "1096"]
[BlackElo "762"]
[WhiteClock "01:33:07"]
[BlackClock "01:27:31"]
[PlyCount "56"]
[WhiteFideId "34649581"]
[BlackFideId "533001952"]
[EventCountry "GER"]
[EventRounds "9"]
[EventType "swiss"]
[EventDate "2024.05.18"]

1. Nf3 {[%clk 01:30:57]} {[%emt 00:00:02]} d5 {[%clk 01:30:53]} {[%emt
00:00:07]} 2. g3 {[%clk 01:31:22]} {[%emt 00:00:05]} Nf6 {[%clk 01:31:12]}
{[%emt 00:00:10]} 3. Bg2 {[%clk 01:31:46]} {[%emt 00:00:07]} Bf5 {[%clk
01:31:25]} {[%emt 00:00:17]} 4. d3 {[%clk 01:31:49]} {[%emt 00:00:27]} Nc6
{[%clk 01:31:37]} {[%emt 00:00:17]} 5. O-O {[%clk 01:32:12]} {[%emt 00:00:07]}
e6 {[%clk 01:31:53]} {[%emt 00:00:14]} 6. Nbd2 {[%clk 01:32:30]} {[%emt
00:00:13]} Bc5 {[%clk 01:31:39]} {[%emt 00:00:42]} 7. Re1 {[%clk 01:32:41]}
{[%emt 00:00:20]} O-O {[%clk 01:31:46]} {[%emt 00:00:23]} 8. e4 {[%clk
01:32:37]} {[%emt 00:00:34]} dxe4 {[%clk 01:31:52]} {[%emt 00:00:25]} 9. dxe4
{[%clk 01:32:58]} {[%emt 00:00:10]} Bg6 {[%clk 01:31:41]} {[%emt 00:00:40]} 10.
e5 {[%clk 01:33:19]} {[%emt 00:00:09]} Nd7 {[%clk 01:31:50]} {[%emt 00:00:20]}
11. Nb3 {[%clk 01:33:32]} {[%emt 00:00:18]} Qe7 {[%clk 01:31:52]} {[%emt
00:00:27]} 12. Bg5 {[%clk 01:33:32]} {[%emt 00:00:29]} f6 {[%clk 01:31:37]}
{[%emt 00:00:45]} 13. exf6 {[%clk 01:33:52]} {[%emt 00:00:11]} Nxf6 {[%clk
01:31:56]} {[%emt 00:00:11]} 14. Nxc5 {[%clk 01:34:00]} {[%emt 00:00:22]} Rad8
{[%clk 01:31:19]} {[%emt 00:01:06]} 15. Qc1 {[%clk 01:34:03]} {[%emt 00:00:29]}
Rfe8 {[%clk 01:31:14]} {[%emt 00:00:33]} 16. Nxb7 {[%clk 01:34:08]} {[%emt
00:00:25]} Rb8 {[%clk 01:30:36]} {[%emt 00:01:10]} 17. Nh4 {[%clk 01:33:46]}
{[%emt 00:00:52]} Nb4 {[%clk 01:29:34]} {[%emt 00:01:31]} 18. Nxg6 {[%clk
01:33:54]} {[%emt 00:00:23]} hxg6 {[%clk 01:29:18]} 19. a3 {[%clk 01:34:07]}
{[%emt 00:01:03]} Nc6 {[%emt 00:00:37]} 20. Bxc6 {[%clk 01:34:16]} {[%emt
00:00:08]} Rf8 {[%clk 01:29:26]} {[%emt 00:00:27]} 21. Na5 {[%clk 01:34:18]}
{[%emt 00:00:29]} Qc5 {[%clk 01:29:04]} {[%emt 00:00:51]} 22. b4 {[%clk
01:34:41]} {[%emt 00:00:08]} Qf5 {[%clk 01:28:13]} {[%emt 00:01:21]} 23. Qf4
{[%clk 01:33:46]} {[%emt 00:01:23]} Qxc2 {[%clk 01:27:43]} {[%emt 00:01:01]}
24. Qxc7 {[%clk 01:33:42]} {[%emt 00:00:34]} a6 {[%clk 01:27:35]} {[%emt
00:00:38]} 25. Rxe6 {[%clk 01:33:14]} {[%emt 00:00:58]} Ng4 {[%clk 01:27:11]}
{[%emt 00:00:54]} 26. Rf1 {[%clk 01:33:10]} {[%emt 00:00:34]} Rxf2 {[%clk
01:27:15]} {[%emt 00:00:26]} 27. Qxb8+ {[%clk 01:32:57]} {[%emt 00:00:44]} Kh7
{[%clk 01:27:14]} {[%emt 00:00:13]} 28. Re8 {[%clk 01:33:07]} {[%emt 00:00:38]}
Rxf1+ {[%clk 01:27:31]} {[%emt 00:00:12]} 0-1